Detalles MARC
| 000 -CABECERA |
| campo de control de longitud fija |
02070nam a2200241 a 4500 |
| 001 - NÚMERO DE CONTROL |
| campo de control |
000037639 |
| 005 - FECHA Y HORA DE LA ÚLTIMA TRANSACCIÓN |
| campo de control |
20250701135406.0 |
| 008 - DATOS DE LONGITUD FIJA--INFORMACIÓN GENERAL |
| campo de control de longitud fija |
121023s2011 dr ad 001 0 spa d |
| 040 ## - FUENTE DE LA CATALOGACIÓN |
| Centro catalogador/agencia de origen |
DO-SdBNP |
| Lengua de catalogación |
spa |
| Centro/agencia transcriptor |
BNPHU |
| 082 ## - NÚMERO DE LA CLASIFICACIÓN DECIMAL DEWEY |
| Número de clasificación |
658.404 |
| Número de documento/Ítem |
R311m |
| 245 00 - MENCIÓN DE TÍTULO |
| Título |
Recopilación de los mejores proyectos : |
| Resto del título |
libro conmemorativo 2010. |
| 260 ## - PUBLICACIÓN, DISTRIBUCIÓN, ETC. |
| Lugar de publicación, distribución, etc. |
Santo Domingo : |
| Nombre del editor, distribuidor, etc. |
ODEBRECHT, |
| Fecha de publicación, distribución, etc. |
[2011?]. |
| 300 ## - DESCRIPCIÓN FÍSICA |
| Extensión |
252 p. : |
| Otras características físicas |
il., gráfcs. ; |
| Dimensiones |
25 cm. |
| 504 ## - NOTA DE BIBLIOGRAFÍA, ETC. |
| Nota de bibliografía, etc. |
Incluye bibliografía y notas al pie de páginas y al final de capítulos. |
| 505 0# - NOTA DE CONTENIDO CON FORMATO |
| Título |
Propuesta de una vivienda modelo bioconstruida en República Dominicana con aprovechamiento de aguas grises, negras y pluviales -- |
| -- |
Estudio técnico para la instalación de un sistema energético a base de biogás aplicable a las cárceles de República Dominicana. Caso: cárcel modelo de Najayo -- |
| -- |
Energía solar en busca de la mejora en el sector eléctrico dominicano -- |
| -- |
Diseño y construcción de un sistema de energía solar para la biblioteca de SEDE de la Universidad Tecnológica de Santiago (UTESA) actualmente en construcción, año 2010 -- |
| -- |
Estudio de pavimentos sostenibles: hormigón permeable en estacionamientos de vehículos -- |
| -- |
Propuesta de instalación de urinales que no usan agua a nivel nacional en República Dominicana -- |
| -- |
GPS Ambiental: Sistema de navegación para la disminución de gases de invernadero -- |
| -- |
Propuesta de diseño de un sistema de control de supervisión para la reducción de pérdidas y detección de fugas de agua potable en la ciudad de Santo Domingo -- |
| -- |
Sistema de monitoreo de gases de efecto invernadero (GGMS) -- |
| -- |
Sistema de monitoreo de gases de redes hidrográficas. |
| 586 ## - NOTA DE PREMIOS |
| Nota de premios |
Premio ODEBRECHT para el desarrollo sostenible República Dominicana - 2010. |
| 590 ## - NOTA LOCAL (RLIN) |
| Nota local |
Inventariado, 2018/ YL |
| 650 #4 - PUNTO DE ACCESO ADICIONAL DE MATERIA--TÉRMINO DE MATERIA |
| Término de materia o nombre geográfico como elemento de entrada |
Evaluación de proyectos |
| Subdivisión general |
Aspectos económicos |
| 9 (RLIN) |
6642 |
| 650 #4 - PUNTO DE ACCESO ADICIONAL DE MATERIA--TÉRMINO DE MATERIA |
| Término de materia o nombre geográfico como elemento de entrada |
Desarrollo experimental |
| 9 (RLIN) |
20597 |
| 650 #0 - PUNTO DE ACCESO ADICIONAL DE MATERIA--TÉRMINO DE MATERIA |
| Término de materia o nombre geográfico como elemento de entrada |
Proyectos de desarrollo económico |
| 9 (RLIN) |
6643 |
| 650 #4 - PUNTO DE ACCESO ADICIONAL DE MATERIA--TÉRMINO DE MATERIA |
| Término de materia o nombre geográfico como elemento de entrada |
Desarrollo sostenible |
| Subdivisión general |
Innovaciones tecnológicas |
| 9 (RLIN) |
64113 |
| 910 ## - DATOS DE OPCIÓN DEL USUARIO (OCLC) |
| Datos de opción del usuario |
Validado. Control de calidad EMS |